000 00443nam a2200193Ia 4500
005 20251020182530.0
008 200515s9999 xx 000 0 und d
082 _a698.1/A40
245 0 _aParedes geniales : Técnicas de diseño y decoración
260 _aMadrid
260 _c1998
300 _aAgata
500 _a1 ejemplar
650 _aDECORACION
650 _aEMPAPELADOS
650 _aLIB
650 _aPINTURA
942 _cLIB
999 _c2045
_d2045